00423nam a22001697a 4500003000500000005001700005008004100022020001800063040000600081082001600087100001800103245004300121250000800164260003400172300001500206650003200221CEME20210628202151.0210209b xxu||||| |||| 00| 0 eng d a0-8247-9052-9 c. a658.562 BUR aBurr ,John .T aElementary statistical quality control a2ND aNEW YORKbMARCEL DEKKERc2005 aXVIII,449P aSTATISTICAL QUALITY CONTROL